000 00697nam a2200217 a 4500
001 BRCA_7912
005 20190320210041.0
008 170214m19081912fr-ac#####---#000-0#fre-#
041 _afre
044 _afr
050 4 _aNK7149
_b.B68 1908
100 1 _aBouilhet, Henri
_919572
245 1 0 _aL´orfevrerie francaise aux XVIIIe et XIXe siecles
_cpar Henri Bouilhet.
260 _aParís
_bH. Laurens
_c1908-1912
300 _a3 v.
_bil., láminas, retratos
_c29 cm.
500 _aY204
505 0 _aContenido: v.1. XVIIIe siecle (1700-1789). -- v.2. XIX siecle (1800-1860). -- v.3. XIX siecle (1860-1900)
650 1 4 _aOrfebrería
_xHistoria
_zFrancia
_919573
902 _aGFM
942 _2lcc
_cB
999 _c7584
_d7584